[Event "Deutsche Ländermeisterschaft 2021"]
[Site "Neumünster GER"]
[Date "2021.10.04"]
[Round "4"]
[White "Dauner, Benedikt"]
[Black "Weihrauch, Jakob"]
[Result "1-0"]
[Termination "normal"]
[Board "4.2"]
[WhiteElo "2133"]
[BlackElo "2114"]
[WhiteClock "00:04:46"]
[BlackClock "00:00:46"]
[WhiteTeam "Baden"]
[BlackTeam "Hamburg"]
[PlyCount "125"]
[WhiteFideId "16225899"]
[BlackFideId "16210115"]
[EventCountry "GER"]
[EventRounds "7"]
[EventType "team-swiss"]
[EventDate "2021.10.01"]

1. d4 {[%clk 1:30:48]} Nf6 {[%clk 1:30:48]} 2. Nf3 {[%clk 1:31:11]} g6 {[%clk
1:30:55]} 3. Nc3 {[%clk 1:31:36]} d5 {[%clk 1:29:01]} 4. Bf4 {[%clk 1:31:59]}
Bg7 {[%clk 1:27:54]} 5. e3 {[%clk 1:32:22]} O-O {[%clk 1:26:18]} 6. Be2 {[%clk
1:32:48]} c5 {[%clk 1:18:49]} 7. dxc5 {[%clk 1:33:11]} Qa5 {[%clk 1:16:20]} 8.
Nd2 {[%clk 1:30:41]} Qxc5 {[%clk 1:05:07]} 9. Nb3 {[%clk 1:30:56]} Qb6 {[%clk
1:02:01]} 10. Nb5 {[%clk 1:30:56]} Na6 {[%clk 1:01:30]} 11. Be5 {[%clk
1:30:58]} Bd7 {[%clk 0:59:18]} 12. a4 {[%clk 1:30:13]} Qd8 {[%clk 0:53:17]} 13.
c3 {[%clk 1:28:25]} Bc6 {[%clk 0:51:17]} 14. O-O {[%clk 1:27:18]} Ne8 {[%clk
0:49:01]} 15. Bxg7 {[%clk 1:24:02]} Nxg7 {[%clk 0:48:16]} 16. Qc2 {[%clk
1:14:57]} e6 {[%clk 0:43:40]} 17. Rfd1 {[%clk 1:14:22]} Qe7 {[%clk 0:43:11]}
18. N5d4 {[%clk 1:02:57]} Nb8 {[%clk 0:37:38]} 19. a5 {[%clk 1:01:35]} a6
{[%clk 0:35:30]} 20. Bf3 {[%clk 0:58:37]} Nf5 {[%clk 0:32:09]} 21. e4 {[%clk
0:43:06]} Nh4 {[%clk 0:27:50]} 22. e5 {[%clk 0:41:49]} Nd7 {[%clk 0:26:39]} 23.
Qe2 {[%clk 0:40:57]} f6 {[%clk 0:23:17]} 24. exf6 {[%clk 0:36:54]} Nxf3+ {[%clk
0:23:31]} 25. Nxf3 {[%clk 0:36:53]} Qxf6 {[%clk 0:23:20]} 26. Nbd2 {[%clk
0:26:01]} e5 {[%clk 0:20:35]} 27. Nf1 {[%clk 0:24:13]} d4 {[%clk 0:13:15]} 28.
N1d2 {[%clk 0:19:45]} Bb5 {[%clk 0:07:37]} 29. Qe4 {[%clk 0:16:47]} Bc6 {[%clk
0:07:50]} 30. Qe2 {[%clk 0:12:59]} Bb5 {[%clk 0:07:53]} 31. c4 {[%clk 0:09:36]}
Bc6 {[%clk 0:08:22]} 32. b4 {[%clk 0:09:45]} Rae8 {[%clk 0:07:58]} 33. Ne4
{[%clk 0:08:05]} Bxe4 {[%clk 0:07:55]} 34. Qxe4 {[%clk 0:08:27]} Qc6 {[%clk
0:08:18]} 35. Qe2 {[%clk 0:04:36]} Re6 {[%clk 0:06:52]} 36. b5 {[%clk 0:03:26]}
Qd6 {[%clk 0:06:15]} 37. Ng5 {[%clk 0:03:35]} Ree8 {[%clk 0:04:45]} 38. Ne4
{[%clk 0:02:24]} Qc7 {[%clk 0:05:07]} 39. bxa6 {[%clk 0:02:12]} bxa6 {[%clk
0:05:30]} 40. c5 {[%clk 0:02:07]} Qc6 {[%clk 0:05:26]} 41. Rab1 {[%clk
0:28:24]} Kg7 {[%clk 0:30:40]} 42. f3 {[%clk 0:25:11]} Rb8 {[%clk 0:27:06]} 43.
Qc4 {[%clk 0:19:51]} Rfc8 {[%clk 0:08:25]} 44. Ng5 {[%clk 0:13:09]} Qf6 {[%clk
0:05:39]} 45. Ne6+ {[%clk 0:12:37]} Kh8 {[%clk 0:06:02]} 46. c6 {[%clk
0:12:44]} Rxb1 {[%clk 0:05:01]} 47. Rxb1 {[%clk 0:13:05]} Nf8 {[%clk 0:05:10]}
48. Nxf8 {[%clk 0:12:46]} Qxf8 {[%clk 0:05:39]} 49. Qxa6 {[%clk 0:09:24]} d3
{[%clk 0:05:09]} 50. Qxd3 Qc5+ 51. Kh1 {[%clk 0:08:30]} Qxc6 {[%clk 0:05:03]}
52. h3 {[%clk 0:08:25]} Ra8 {[%clk 0:04:57]} 53. Ra1 {[%clk 0:08:31]} Qc5
{[%clk 0:05:03]} 54. a6 {[%clk 0:08:19]} Qc6 {[%clk 0:03:33]} 55. Qe2 {[%clk
0:06:23]} Qc3 {[%clk 0:02:43]} 56. Qa2 {[%clk 0:06:44]} Kg7 {[%clk 0:02:22]}
57. Qa3 {[%clk 0:05:35]} Qc6 {[%clk 0:02:22]} 58. Qe7+ {[%clk 0:05:09]} Kh6
{[%clk 0:01:39]} 59. a7 {[%clk 0:04:37]} Qc3 {[%clk 0:01:32]} 60. Rd1 {[%clk
0:04:22]} Qc4 {[%clk 0:00:53]} 61. Qxe5 {[%clk 0:04:35]} Qa4 {[%clk 0:00:36]}
62. Rd4 {[%clk 0:04:26]} Qa1+ {[%clk 0:00:46]} 63. Kh2 {[%clk 0:04:46]} 1-0

[Event "Deutsche Ländermeisterschaft 2021"]
[Site "Neumünster GER"]
[Date "2021.10.04"]
[Round "4"]
[White "Popist, Florian"]
[Black "Hecht, Jonas Christian"]
[Result "1/2-1/2"]
[Termination "normal"]
[Board "4.3"]
[WhiteElo "2124"]
[BlackElo "1968"]
[WhiteClock "01:36:54"]
[BlackClock "01:24:47"]
[WhiteTeam "Hamburg"]
[BlackTeam "Baden"]
[PlyCount "43"]
[WhiteFideId "16203518"]
[BlackFideId "16214846"]
[EventCountry "GER"]
[EventRounds "7"]
[EventType "team-swiss"]
[EventDate "2021.10.01"]

1. e4 {[%clk 1:30:55]} e5 {[%clk 1:30:52]} 2. Nf3 {[%clk 1:31:20]} Nc6 {[%clk
1:31:18]} 3. d4 {[%clk 1:31:43]} exd4 {[%clk 1:31:44]} 4. Nxd4 {[%clk 1:32:07]}
Nf6 {[%clk 1:32:06]} 5. Nxc6 {[%clk 1:32:31]} bxc6 {[%clk 1:32:31]} 6. e5
{[%clk 1:32:52]} Qe7 {[%clk 1:32:53]} 7. Qe2 {[%clk 1:33:16]} Nd5 8. g3 g6
{[%clk 1:29:18]} 9. c4 {[%clk 1:34:04]} Ba6 {[%clk 1:27:46]} 10. b3 {[%clk
1:34:25]} Bg7 {[%clk 1:28:09]} 11. Bb2 {[%clk 1:34:48]} O-O {[%clk 1:28:27]}
12. Bg2 {[%clk 1:35:13]} Rfe8 {[%clk 1:28:15]} 13. O-O {[%clk 1:35:32]} Bxe5
{[%clk 1:28:37]} 14. Qxe5 {[%clk 1:35:53]} Qxe5 {[%clk 1:29:03]} 15. Bxe5
{[%clk 1:36:16]} Rxe5 {[%clk 1:29:31]} 16. cxd5 {[%clk 1:36:36]} Bxf1 {[%clk
1:29:48]} 17. Kxf1 {[%clk 1:36:59]} cxd5 {[%clk 1:30:08]} 18. Nc3 {[%clk
1:37:24]} c6 {[%clk 1:30:09]} 19. Rd1 {[%clk 1:37:11]} Rae8 {[%clk 1:30:27]}
20. Bf3 {[%clk 1:37:01]} Kf8 {[%clk 1:30:09]} 21. Na4 {[%clk 1:37:07]} Ke7
{[%clk 1:24:47]} 22. Nc5 {[%clk 1:36:54]} 1/2-1/2

[Event "Deutsche Ländermeisterschaft 2021"]
[Site "Neumünster GER"]
[Date "2021.10.04"]
[Round "4"]
[White "Fuhrmann, Bahne"]
[Black "Nied, Pascal"]
[Result "1/2-1/2"]
[Termination "normal"]
[Board "4.5"]
[WhiteElo "1820"]
[BlackElo "1878"]
[WhiteClock "00:43:29"]
[BlackClock "00:07:00"]
[WhiteTeam "Hamburg"]
[BlackTeam "Baden"]
[PlyCount "109"]
[WhiteFideId "16244842"]
[BlackFideId "16260597"]
[EventCountry "GER"]
[EventRounds "7"]
[EventType "team-swiss"]
[EventDate "2021.10.01"]

1. e4 {[%clk 1:30:59]} e6 {[%clk 1:30:56]} 2. d4 {[%clk 1:31:25]} d5 {[%clk
1:31:21]} 3. Nc3 {[%clk 1:31:50]} Bb4 {[%clk 1:26:19]} 4. e5 {[%clk 1:32:11]}
c5 {[%clk 1:26:44]} 5. a3 {[%clk 1:32:23]} Bxc3+ {[%clk 1:27:08]} 6. bxc3
{[%clk 1:32:47]} Ne7 {[%clk 1:27:32]} 7. Qg4 {[%clk 1:32:50]} cxd4 {[%clk
1:27:56]} 8. Qxg7 {[%clk 1:33:12]} Rg8 {[%clk 1:28:22]} 9. Qxh7 {[%clk
1:33:37]} Qc7 {[%clk 1:28:47]} 10. Ne2 {[%clk 1:33:48]} dxc3 {[%clk 1:29:10]}
11. f4 {[%clk 1:33:16]} Nbc6 {[%clk 1:29:34]} 12. Qd3 {[%clk 1:33:26]} d4
{[%clk 1:29:57]} 13. Nxd4 {[%clk 1:33:45]} Nxd4 {[%clk 1:30:21]} 14. Qxd4
{[%clk 1:34:13]} Bd7 {[%clk 1:30:29]} 15. Rg1 {[%clk 1:34:21]} Nf5 {[%clk
1:30:28]} 16. Qf2 {[%clk 1:34:46]} Qc6 {[%clk 1:27:58]} 17. Bd3 {[%clk
1:34:45]} Qd5 {[%clk 1:27:40]} 18. Be3 {[%clk 1:35:01]} Nxe3 {[%clk 0:58:50]}
19. Qxe3 {[%clk 1:35:24]} Bc6 {[%clk 0:53:10]} 20. g4 {[%clk 1:30:31]} O-O-O
{[%clk 0:44:03]} 21. h4 {[%clk 1:24:52]} Qf3 {[%clk 0:25:33]} 22. Qxf3 {[%clk
1:25:01]} Bxf3 {[%clk 0:26:01]} 23. Kf2 {[%clk 0:56:47]} Bxg4 {[%clk 0:24:16]}
24. Rg3 {[%clk 0:55:11]} Bf5 {[%clk 0:18:43]} 25. Rxg8 {[%clk 0:55:02]} Rxg8
{[%clk 0:19:08]} 26. Bxf5 {[%clk 0:55:04]} exf5 {[%clk 0:19:37]} 27. Rh1 {[%clk
0:54:58]} Kd7 {[%clk 0:13:44]} 28. h5 {[%clk 0:53:57]} Rh8 {[%clk 0:06:02]} 29.
h6 {[%clk 0:52:10]} Kc6 {[%clk 0:04:25]} 30. Ke3 {[%clk 0:51:00]} Kc5 {[%clk
0:04:08]} 31. Kd3 {[%clk 0:50:12]} Kd5 {[%clk 0:03:56]} 32. Rh5 {[%clk
0:44:02]} a6 {[%clk 0:02:15]} 33. a4 {[%clk 0:43:44]} b5 {[%clk 0:01:57]} 34.
axb5 {[%clk 0:42:27]} axb5 {[%clk 0:02:26]} 35. Rxf5 {[%clk 0:41:16]} Rxh6
{[%clk 0:02:46]} 36. Kxc3 {[%clk 0:40:40]} Ke6 {[%clk 0:01:59]} 37. Rf6+ {[%clk
0:38:58]} Rxf6 {[%clk 0:02:23]} 38. exf6 {[%clk 0:39:24]} Kxf6 {[%clk 0:02:49]}
39. Kb4 {[%clk 0:39:26]} Kf5 {[%clk 0:03:12]} 40. Kxb5 {[%clk 0:39:51]} Kxf4
{[%clk 0:03:38]} 41. c4 {[%clk 0:40:10]} Kg3 {[%clk 0:03:38]} 42. c5 {[%clk
0:40:33]} f5 {[%clk 0:04:17]} 43. c6 {[%clk 0:40:59]} f4 {[%clk 0:04:44]} 44.
c7 {[%clk 0:41:26]} f3 {[%clk 0:05:12]} 45. c8=Q {[%clk 0:41:49]} f2 {[%clk
0:05:12]} 46. Qc7+ {[%clk 0:41:49]} Kg2 {[%clk 0:05:12]} 47. Qc6+ {[%clk
0:41:49]} Kg1 {[%clk 0:05:12]} 48. Qc5 {[%clk 0:41:49]} Kg2 {[%clk 0:05:12]}
49. Qd5+ {[%clk 0:41:49]} Kg1 {[%clk 0:05:12]} 50. Qd4 {[%clk 0:41:49]} Kg2
{[%clk 0:05:12]} 51. Qe4+ {[%clk 0:41:49]} Kg1 {[%clk 0:05:12]} 52. Qg4+ {[%clk
0:41:49]} Kh1 {[%clk 0:05:12]} 53. Qf3+ {[%clk 0:41:49]} Kg1 {[%clk 0:07:00]}
54. Qg3+ {[%clk 0:43:29]} Kh1 {[%clk 0:07:00]} 55. Qxf2 {[%clk 0:43:29]}
1/2-1/2

[Event "Deutsche Ländermeisterschaft 2021"]
[Site "Neumünster GER"]
[Date "2021.10.04"]
[Round "4"]
[White "Basovskiy, Jana"]
[Black "Wartenberg, Alissa"]
[Result "0-1"]
[Termination "normal"]
[Board "4.6"]
[WhiteElo "1915"]
[BlackElo "1662"]
[WhiteClock "00:01:16"]
[BlackClock "00:01:27"]
[WhiteTeam "Baden"]
[BlackTeam "Hamburg"]
[PlyCount "74"]
[WhiteFideId "16208617"]
[BlackFideId "16280741"]
[EventCountry "GER"]
[EventRounds "7"]
[EventType "team-swiss"]
[EventDate "2021.10.01"]

1. e4 {[%clk 1:30:58]} e5 {[%clk 1:30:56]} 2. Nf3 {[%clk 1:31:24]} Nc6 {[%clk
1:31:20]} 3. Bc4 {[%clk 1:31:51]} Bc5 {[%clk 1:31:43]} 4. c3 {[%clk 1:32:16]}
Nf6 {[%clk 1:32:04]} 5. d3 {[%clk 1:32:43]} O-O {[%clk 1:32:10]} 6. O-O {[%clk
1:26:24]} h6 {[%clk 1:30:42]} 7. Nbd2 {[%clk 1:26:38]} Re8 {[%clk 1:28:51]} 8.
Re1 {[%clk 1:25:46]} d6 {[%clk 1:28:43]} 9. Bb3 {[%clk 1:21:15]} Be6 {[%clk
1:20:11]} 10. h3 {[%clk 1:16:36]} Bb6 {[%clk 1:17:30]} 11. Nf1 {[%clk 1:12:08]}
Bxb3 {[%clk 1:12:23]} 12. Qxb3 {[%clk 1:11:13]} Ne7 {[%clk 1:09:51]} 13. Ng3
{[%clk 1:05:13]} Ng6 {[%clk 1:07:12]} 14. Be3 {[%clk 0:55:22]} Qd7 {[%clk
1:04:46]} 15. Qc2 {[%clk 0:51:27]} Rad8 {[%clk 1:00:38]} 16. Rad1 {[%clk
0:51:10]} d5 {[%clk 0:57:52]} 17. Bc1 {[%clk 0:43:26]} c6 {[%clk 0:48:52]} 18.
Nh2 {[%clk 0:34:54]} Qe6 {[%clk 0:37:40]} 19. a3 {[%clk 0:34:32]} Rd7 {[%clk
0:32:20]} 20. Kh1 {[%clk 0:24:01]} Red8 {[%clk 0:30:09]} 21. exd5 {[%clk
0:22:20]} Nxd5 {[%clk 0:23:30]} 22. d4 {[%clk 0:20:57]} Ndf4 {[%clk 0:17:04]}
23. Bxf4 {[%clk 0:10:42]} Nxf4 {[%clk 0:17:23]} 24. Rxe5 {[%clk 0:07:07]} Qxe5
{[%clk 0:14:19]} 25. dxe5 {[%clk 0:07:34]} Rxd1+ {[%clk 0:14:40]} 26. Nhf1
{[%clk 0:08:00]} Bc7 {[%clk 0:10:26]} 27. Qf5 {[%clk 0:05:45]} Ng6 {[%clk
0:09:45]} 28. e6 {[%clk 0:04:49]} Kh7 {[%clk 0:04:24]} 29. Qxf7 {[%clk
0:03:17]} Bxg3 {[%clk 0:03:46]} 30. fxg3 {[%clk 0:03:38]} Re1 {[%clk 0:02:01]}
31. Kh2 {[%clk 0:01:19]} Rf8 {[%clk 0:02:02]} 32. Qxb7 {[%clk 0:01:00]} Rfxf1
{[%clk 0:01:45]} 33. g4 {[%clk 0:01:21]} Rxe6 {[%clk 0:02:04]} 34. Qxa7 {[%clk
0:01:21]} Re2 {[%clk 0:01:27]} 35. Qa6 {[%clk 0:00:59]} Nf4 {[%clk 0:01:04]}
36. Kg3 {[%clk 0:00:51]} Rxg2+ {[%clk 0:01:27]} 37. Kh4 {[%clk 0:01:16]} g5#
0-1

[Event "Deutsche Ländermeisterschaft 2021"]
[Site "Neumünster GER"]
[Date "2021.10.04"]
[Round "4"]
[White "Dorendorf, Mika"]
[Black "Skembris, Simon Max"]
[Result "1-0"]
[Termination "normal"]
[Board "4.7"]
[WhiteElo "1528"]
[BlackElo "1268"]
[WhiteClock "01:07:18"]
[BlackClock "00:59:39"]
[WhiteTeam "Hamburg"]
[BlackTeam "Baden"]
[PlyCount "101"]
[WhiteFideId "16283066"]
[BlackFideId "16281381"]
[EventCountry "GER"]
[EventRounds "7"]
[EventType "team-swiss"]
[EventDate "2021.10.01"]

1. d4 {[%clk 1:30:54]} d5 {[%clk 1:30:46]} 2. Nf3 {[%clk 1:31:18]} c5 {[%clk
1:31:01]} 3. g3 {[%clk 1:31:05]} Nc6 {[%clk 1:31:16]} 4. Bg2 {[%clk 1:31:09]}
Nf6 {[%clk 1:30:58]} 5. O-O {[%clk 1:31:10]} cxd4 {[%clk 1:30:42]} 6. Nxd4
{[%clk 1:31:21]} e5 {[%clk 1:30:53]} 7. Nxc6 {[%clk 1:31:18]} bxc6 {[%clk
1:31:18]} 8. Bg5 {[%clk 1:31:19]} h6 {[%clk 1:30:32]} 9. Bxf6 {[%clk 1:31:43]}
gxf6 {[%clk 1:30:22]} 10. c4 {[%clk 1:31:58]} Bb7 {[%clk 1:29:48]} 11. cxd5
{[%clk 1:31:50]} cxd5 {[%clk 1:30:10]} 12. Nc3 {[%clk 1:32:11]} e4 {[%clk
1:29:00]} 13. Qd4 {[%clk 1:30:15]} Qb6 {[%clk 1:27:30]} 14. Qxb6 {[%clk
1:27:23]} axb6 {[%clk 1:27:35]} 15. Rfd1 {[%clk 1:27:17]} Rd8 {[%clk 1:27:42]}
16. Rd2 {[%clk 1:26:41]} Bc5 {[%clk 1:24:09]} 17. e3 {[%clk 1:25:12]} d4 {[%clk
1:21:30]} 18. Rad1 {[%clk 1:24:23]} f5 {[%clk 1:19:54]} 19. exd4 {[%clk
1:24:40]} Be7 {[%clk 1:19:33]} 20. Bh3 {[%clk 1:23:23]} Bg5 {[%clk 1:18:42]}
21. Re2 {[%clk 1:23:14]} Ba6 {[%clk 1:17:37]} 22. Ree1 {[%clk 1:23:18]} Bc8
{[%clk 1:16:25]} 23. f3 {[%clk 1:23:27]} O-O {[%clk 1:15:11]} 24. fxe4 {[%clk
1:23:44]} fxe4 {[%clk 1:14:58]} 25. Bxc8 {[%clk 1:24:07]} Rxc8 {[%clk 1:15:20]}
26. Rxe4 {[%clk 1:24:18]} Rfe8 {[%clk 1:14:17]} 27. Rxe8+ {[%clk 1:22:35]} Rxe8
{[%clk 1:14:40]} 28. d5 {[%clk 1:22:54]} Kf8 {[%clk 1:14:26]} 29. Kf2 {[%clk
1:22:57]} Bf6 {[%clk 1:13:45]} 30. Kf3 {[%clk 1:22:42]} Rc8 {[%clk 1:13:14]}
31. Rd3 {[%clk 1:22:12]} Ke7 {[%clk 1:12:43]} 32. Ke4 {[%clk 1:21:57]} Ra8
{[%clk 1:11:57]} 33. d6+ {[%clk 1:22:02]} Kd7 {[%clk 1:12:18]} 34. Nd5 {[%clk
1:22:14]} Bd8 {[%clk 1:11:13]} 35. a3 {[%clk 1:22:06]} Rc8 {[%clk 1:07:47]} 36.
Rd2 {[%clk 1:21:24]} Rc6 {[%clk 1:06:11]} 37. Ke5 {[%clk 1:20:51]} Rc1 {[%clk
1:04:38]} 38. Nf6+ {[%clk 1:20:13]} Bxf6+ {[%clk 1:03:37]} 39. Kxf6 {[%clk
1:20:32]} Rf1+ {[%clk 1:03:52]} 40. Kg7 {[%clk 1:20:45]} h5 {[%clk 1:03:24]}
41. Kh6 {[%clk 1:21:05]} Rf5 {[%clk 1:03:39]} 42. Kg7 {[%clk 1:20:10]} Ke8
{[%clk 1:02:04]} 43. d7+ {[%clk 1:20:30]} Kd8 {[%clk 1:02:27]} 44. h3 {[%clk
1:18:02]} Rg5+ {[%clk 1:02:34]} 45. Kxf7 {[%clk 1:18:08]} Rxg3 {[%clk 1:02:55]}
46. Ke6 {[%clk 1:16:39]} Rxh3 {[%clk 1:02:18]} 47. Rg2 {[%clk 1:05:54]} Rd3
{[%clk 0:59:09]} 48. Rg8+ {[%clk 1:06:14]} Kc7 {[%clk 0:59:32]} 49. Rc8+ {[%clk
1:06:35]} Kb7 {[%clk 0:59:50]} 50. d8=Q {[%clk 1:06:56]} Rxd8 {[%clk 0:59:39]}
51. Rxd8 {[%clk 1:07:18]} 1-0

[Event "Deutsche Ländermeisterschaft 2021"]
[Site "Neumünster GER"]
[Date "2021.10.04"]
[Round "4"]
[White "Haug, Mara"]
[Black "Stas, Antonia"]
[Result "1-0"]
[Termination "normal"]
[Board "4.8"]
[WhiteElo "1326"]
[BlackElo "1294"]
[WhiteClock "00:19:14"]
[BlackClock "00:26:06"]
[WhiteTeam "Baden"]
[BlackTeam "Hamburg"]
[PlyCount "95"]
[WhiteFideId "16259300"]
[BlackFideId "16217403"]
[EventCountry "GER"]
[EventRounds "7"]
[EventType "team-swiss"]
[EventDate "2021.10.01"]

1. e4 {[%clk 1:30:55]} e5 {[%clk 1:30:53]} 2. Nc3 {[%clk 1:31:21]} Nf6 {[%clk
1:30:59]} 3. g3 {[%clk 1:31:43]} Bc5 {[%clk 1:30:55]} 4. Bg2 {[%clk 1:32:03]}
d6 {[%clk 1:29:37]} 5. Nge2 {[%clk 1:30:56]} a6 {[%clk 1:29:19]} 6. h3 {[%clk
1:30:00]} Nc6 {[%clk 1:28:19]} 7. O-O {[%clk 1:28:18]} O-O {[%clk 1:26:20]} 8.
d3 {[%clk 1:27:21]} Ne7 {[%clk 1:17:22]} 9. Kh2 {[%clk 1:24:59]} d5 {[%clk
1:16:08]} 10. Bg5 {[%clk 1:19:41]} Qd6 {[%clk 1:13:41]} 11. Bxf6 {[%clk
1:14:28]} Qxf6 {[%clk 1:11:11]} 12. exd5 {[%clk 1:13:20]} c6 {[%clk 1:07:18]}
13. Ne4 {[%clk 1:10:43]} Qh6 {[%clk 1:05:09]} 14. Nxc5 {[%clk 1:10:21]} Nxd5
{[%clk 1:04:54]} 15. Nc3 {[%clk 1:06:40]} Rd8 {[%clk 1:03:24]} 16. Qe2 {[%clk
1:04:07]} b6 {[%clk 1:00:39]} 17. Nb3 {[%clk 1:02:29]} f6 {[%clk 0:58:07]} 18.
Nxd5 {[%clk 0:57:33]} cxd5 {[%clk 0:58:23]} 19. Qe3 {[%clk 0:57:06]} Qxe3
{[%clk 0:56:55]} 20. fxe3 {[%clk 0:57:24]} a5 {[%clk 0:56:39]} 21. Rad1 {[%clk
0:51:37]} Ba6 {[%clk 0:54:11]} 22. c4 {[%clk 0:44:27]} Bb7 {[%clk 0:50:29]} 23.
Bxd5+ {[%clk 0:43:50]} Bxd5 {[%clk 0:50:41]} 24. cxd5 {[%clk 0:44:15]} a4
{[%clk 0:50:20]} 25. Nc1 {[%clk 0:42:55]} Rxd5 {[%clk 0:50:17]} 26. Kg2 {[%clk
0:41:09]} Rc8 {[%clk 0:50:03]} 27. Rf2 {[%clk 0:39:33]} e4 {[%clk 0:44:04]} 28.
d4 {[%clk 0:33:59]} g6 {[%clk 0:42:02]} 29. Ne2 {[%clk 0:32:50]} f5 {[%clk
0:40:30]} 30. Nc3 {[%clk 0:31:58]} Ra5 {[%clk 0:39:53]} 31. a3 {[%clk 0:30:18]}
Kf7 {[%clk 0:36:48]} 32. Nxe4 {[%clk 0:29:28]} Ke7 {[%clk 0:35:18]} 33. Nc3
{[%clk 0:29:30]} Kd6 {[%clk 0:33:09]} 34. g4 {[%clk 0:28:14]} Rg8 {[%clk
0:32:31]} 35. Kf3 {[%clk 0:26:06]} Rf8 {[%clk 0:30:40]} 36. Ke2 {[%clk
0:24:17]} Raa8 {[%clk 0:28:18]} 37. Rdf1 {[%clk 0:22:30]} Ke7 {[%clk 0:26:08]}
38. gxf5 {[%clk 0:22:05]} gxf5 {[%clk 0:25:25]} 39. Rxf5 {[%clk 0:21:36]} Rxf5
{[%clk 0:25:41]} 40. Rxf5 {[%clk 0:21:58]} Ke6 {[%clk 0:25:50]} 41. Rh5 {[%clk
0:22:03]} Ra7 {[%clk 0:25:47]} 42. Rh6+ {[%clk 0:19:11]} Kf5 {[%clk 0:25:48]}
43. Rxb6 {[%clk 0:19:19]} Kg5 {[%clk 0:25:52]} 44. Ne4+ {[%clk 0:19:23]} Kh4
{[%clk 0:25:36]} 45. Nf2 {[%clk 0:18:46]} Ra5 {[%clk 0:25:42]} 46. Rh6+ {[%clk
0:18:30]} Rh5 {[%clk 0:25:45]} 47. Rxh5+ {[%clk 0:18:49]} Kxh5 {[%clk 0:26:06]}
48. Kd3 {[%clk 0:19:14]} 1-0

[Event "Deutsche Ländermeisterschaft 2021"]
[Site "Neumünster GER"]
[Date "2021.10.04"]
[Round "4"]
[White "Roseneck, Jonas"]
[Black "Weber, Samuel"]
[Result "1-0"]
[Termination "normal"]
[Board "5.1"]
[WhiteTitle "FM"]
[BlackTitle "FM"]
[WhiteElo "2403"]
[BlackElo "2258"]
[WhiteClock "00:10:48"]
[BlackClock "00:04:53"]
[WhiteTeam "Sachsen-Anhalt"]
[BlackTeam "Hessen"]
[PlyCount "115"]
[WhiteFideId "12939870"]
[BlackFideId "12924008"]
[EventCountry "GER"]
[EventRounds "7"]
[EventType "team-swiss"]
[EventDate "2021.10.01"]

1. e4 {[%clk 1:30:58]} c5 {[%clk 1:30:53]} 2. Nf3 {[%clk 1:31:24]} e6 {[%clk
1:31:14]} 3. d4 {[%clk 1:31:20]} cxd4 {[%clk 1:31:38]} 4. Nxd4 {[%clk 1:31:47]}
Nc6 {[%clk 1:32:01]} 5. Nc3 {[%clk 1:32:12]} Qc7 {[%clk 1:32:14]} 6. Be3 {[%clk
1:32:38]} a6 {[%clk 1:32:28]} 7. g4 {[%clk 1:31:40]} b5 {[%clk 1:27:35]} 8.
Nxc6 {[%clk 1:31:15]} Qxc6 {[%clk 1:26:02]} 9. Qd2 {[%clk 1:31:27]} Nf6 {[%clk
1:16:18]} 10. f3 {[%clk 1:20:21]} b4 {[%clk 1:06:33]} 11. Ne2 {[%clk 1:20:20]}
Bc5 {[%clk 0:54:26]} 12. Nd4 {[%clk 1:13:25]} Qb6 {[%clk 0:53:16]} 13. g5
{[%clk 0:56:28]} Nh5 {[%clk 0:48:07]} 14. O-O-O {[%clk 0:55:57]} d5 {[%clk
0:47:35]} 15. exd5 {[%clk 0:42:56]} O-O {[%clk 0:42:10]} 16. Bd3 {[%clk
0:32:53]} g6 {[%clk 0:40:31]} 17. Qf2 {[%clk 0:30:28]} exd5 {[%clk 0:37:13]}
18. Rhe1 {[%clk 0:25:53]} Re8 {[%clk 0:36:17]} 19. Bf1 {[%clk 0:26:21]} Bd7
{[%clk 0:33:33]} 20. Rd3 {[%clk 0:15:37]} Nf4 {[%clk 0:16:02]} 21. Bxf4 {[%clk
0:15:08]} Rxe1+ {[%clk 0:16:24]} 22. Qxe1 {[%clk 0:15:36]} Bxd4 {[%clk
0:16:44]} 23. Qd2 {[%clk 0:13:40]} Bg7 {[%clk 0:14:56]} 24. Be3 {[%clk
0:14:05]} Qa5 {[%clk 0:14:55]} 25. Kb1 {[%clk 0:11:09]} Be6 {[%clk 0:11:42]}
26. Bd4 {[%clk 0:11:09]} Bf5 {[%clk 0:09:36]} 27. Re3 {[%clk 0:04:13]} Bxd4
{[%clk 0:09:53]} 28. Qxd4 {[%clk 0:04:39]} Qc7 {[%clk 0:10:18]} 29. Bd3 {[%clk
0:02:24]} Qxh2 {[%clk 0:09:40]} 30. b3 {[%clk 0:01:20]} Bxd3 {[%clk 0:06:01]}
31. Rxd3 {[%clk 0:01:49]} Rc8 {[%clk 0:04:24]} 32. Rd2 {[%clk 0:02:18]} Qh1+
{[%clk 0:04:46]} 33. Kb2 {[%clk 0:02:47]} Qxf3 {[%clk 0:05:09]} 34. Qxb4 {[%clk
0:03:16]} Qf5 {[%clk 0:05:09]} 35. Qe7 {[%clk 0:02:42]} d4 36. a4 {[%clk
0:01:57]} a5 {[%clk 0:03:41]} 37. Qb7 {[%clk 0:01:17]} Qc5 {[%clk 0:02:28]} 38.
Rf2 {[%clk 0:00:50]} Rc7 {[%clk 0:02:34]} 39. Qb8+ {[%clk 0:00:48]} Kg7 {[%clk
0:01:47]} 40. Qd8 {[%clk 0:00:46]} Qe5 {[%clk 0:01:25]} 41. Re2 {[%clk
0:26:41]} Qxe2 {[%clk 0:28:07]} 42. Qxd4+ {[%clk 0:26:56]} Kg8 {[%clk 0:22:43]}
43. Qd8+ {[%clk 0:27:21]} Kg7 {[%clk 0:23:08]} 44. Qxc7 {[%clk 0:27:19]} h5
{[%clk 0:21:42]} 45. gxh6+ {[%clk 0:26:41]} Kxh6 {[%clk 0:22:07]} 46. Qxa5
{[%clk 0:23:11]} f5 {[%clk 0:20:25]} 47. Qc7 {[%clk 0:19:55]} g5 {[%clk
0:18:28]} 48. a5 {[%clk 0:19:26]} f4 {[%clk 0:18:22]} 49. Qd6+ {[%clk 0:14:37]}
Kh5 {[%clk 0:13:32]} 50. a6 {[%clk 0:15:02]} f3 {[%clk 0:13:48]} 51. a7 {[%clk
0:15:21]} Qe4 {[%clk 0:12:42]} 52. Qh2+ {[%clk 0:09:49]} Kg6 53. Qh8 {[%clk
0:09:54]} f2 {[%clk 0:07:44]} 54. Qg8+ {[%clk 0:10:21]} Kh5 {[%clk 0:06:49]}
55. Qf7+ {[%clk 0:10:46]} Kh4 {[%clk 0:06:52]} 56. Qxf2+ {[%clk 0:11:09]} Kh3
{[%clk 0:07:18]} 57. Qf6 {[%clk 0:10:41]} Kg4 {[%clk 0:04:53]} 58. Qh8 {[%clk
0:10:48]} 1-0